000
00297nam a2200109Ia 4500
008
171211s9999 xx 000 0 und d
245
_a
Introducing Language Typology
245
_c
Edith A. Moravcsik
260
_c
2013
650
_x
LANGUAGES
856
_u
http://down.ebook777.com/025/IntLanTyp.pdf
999
_c
349732
_d
349732